00757nam a2200205 i 4500001000400000100002100004245011000025250001800135260007200153300003700225500002000262504002900282505003500311650002100346020002900367040000800396041000800404008004100412856009800453bgj1 aKOZMA, Robert B.10aInstructional techniques in higher education /cRobert B. Kozma ; Lawrence W. Belle ; George W. Williams. a[2nd print.]. aEnglewood Cliffs, NJ :bEducational Technology Publications,c1979. aXIV, 419 pp :bfigures ;c25 cm. a1st publ. 1978. aBibliography p. 375-401. aIncludes glossary and indexes. 9aCollege teaching a0877781265 (hbk, jacket) cBPK0 aeng s uk f |000 0 eng  uhttp://koha.tu.koszalin.pl/cgi-bin/koha/opac-detail.pl?biblionumber=47249yKatalog online BPK